|
|
|
|
| LEADER |
00000cam a2200000 a 4500 |
| 001 |
vtls011632901 |
| 003 |
SK-MaSNL |
| 005 |
20260301094020.0 |
| 008 |
240318s2017 xo a a 000 p slo |
| 015 |
|
|
|a SNBA2017/06
|
| 020 |
|
|
|a 9788081426643
|q (viaz.)
|
| 035 |
|
|
|a urn:nbn:sk:snk-am00d5yk
|
| 035 |
|
|
|a urn:nbn:sk:snk-am3hqt3
|
| 035 |
|
|
|a 0C4316AD-9EFF-40D9-88E5-994EEE0B1B5B
|
| 040 |
|
|
|a SNK
|b slo
|c SNK
|e AACR2
|
| 041 |
0 |
|
|a slo
|
| 044 |
|
|
|a xo
|c SK
|
| 072 |
|
7 |
|a 821.162.4-1
|x Slovenská poézia
|2 konspekt
|
| 072 |
|
7 |
|a 821-93
|x Literatúra pre deti a mládež (beletria)
|2 konspekt
|
| 080 |
|
|
|a 821.162.4-1
|2 2011
|
| 080 |
|
|
|a 82-93-053.2
|2 2011
|
| 080 |
|
|
|a 82-94
|2 2011
|
| 100 |
1 |
|
|a Čobej, Alojz,
|d 1935-2020
|4 aut
|9 205070
|
| 245 |
1 |
0 |
|a Abeceda spať mi nedá
|c Alojz Čobej ; [ilustrácie Milada Kudrnová]
|
| 250 |
|
|
|a 1. vyd.
|
| 260 |
|
|
|a [Bratislava]
|b Fortuna Libri
|c 2017
|
| 300 |
|
|
|a 38 s.
|b fareb. ilustr.
|c 19 cm
|
| 500 |
|
|
|a Miesto vyd. podľa ISBN
|
| 655 |
|
7 |
|a slovenská poézia
|2 SNKPH
|9 70444
|
| 655 |
|
7 |
|a riekanky
|2 SNKPH
|9 70648
|
| 655 |
|
7 |
|a publikácie pre deti
|2 SNKPH
|9 70148
|
| 655 |
|
7 |
|a Slovak poetry
|2 SNKPHeng
|9 265010
|
| 655 |
|
7 |
|a Nursery rhymes
|2 SNKPHeng
|9 282496
|
| 655 |
|
7 |
|a Children's literature
|2 SNKPHeng
|9 276039
|
| 700 |
1 |
|
|a Kudrnová, Milada
|4 ill
|9 427196
|
| 852 |
|
|
|a Štátna vedecká knižnica v Banskej Bystrici
|
| 919 |
|
|
|a 978-80-8142-664-3
|
| 958 |
|
|
|a LX
|
| 958 |
|
|
|a DB
|
| 999 |
|
|
|c 678949
|d 680879
|
| 952 |
|
|
|a SNK
|b SNK
|y PREZ
|7 0
|p 17A1260441
|o snkSD 86340
|i snk2017/13632
|8 0
|0 0
|1 0
|4 0
|d 2017-06-09
|f 1
|l 0
|r 2026-02-23 19:51:35
|w 2026-02-23
|
| 952 |
|
|
|a SNK
|b SNK
|y VYP
|7 0
|p 17A1260442
|o snkSD 86340 D1
|i snk2017/13633
|8 0
|0 0
|1 0
|4 0
|d 2017-06-09
|l 0
|r 2026-02-23 19:51:35
|w 2026-02-23
|